| 000 | 00851nam a22002652a 4500 | ||
|---|---|---|---|
| 001 | 17134 | ||
| 003 | BD-RjUL | ||
| 005 | 20211209000108.0 | ||
| 008 | 500101s1970 enk 000 0 eng d | ||
| 020 | _z0850270700 | ||
| 035 | _a(BD-RjUL)17191 | ||
| 040 |
_aDLC _cDLC _dBD-RjUL _beng |
||
| 041 | _aeng | ||
| 082 |
_a811.52 _bBEJ 1970 |
||
| 100 | 1 |
_aBenét, Stephen Vincent, _d1898-1943. _952706 |
|
| 245 | 1 | 0 |
_aJohn Brown's body / _c Stephen Vincent Benét. |
| 260 |
_aLondon : _bDavid Bruce & Watson Ltd, _c1970 |
||
| 300 |
_a[7], 373 p. : _c23 cm. |
||
| 600 | 1 | 0 |
_aBrown, John, _d1800-1859 _xPoetry. _952866 |
| 651 | 0 |
_aHarpers Ferry (W. Va.) _xHistory _yJohn Brown's Raid, 1859 _xPoetry _952851 |
|
| 651 | 0 |
_aUnited States _xHistory _yCivil War, 1861-1865 _vPoetry _952708 |
|
| 942 |
_2ddc _cBK |
||
| 999 |
_c17134 _d17134 |
||